Entre la geografía y las relaciones internacionales. Between geography and IR /

Gardado en:
Detalles Bibliográficos
Autor Principal: Agnew, John
Formato: Texto
Materias:
Etiquetas: Engadir etiqueta
Sen Etiquetas, Sexa o primeiro en etiquetar este rexistro!

MARC

LEADER 00000 a a2200000 04500
001 18374
003
040
100 |a Agnew, John  
245 |a Entre la geografía y las relaciones internacionales. Between geography and IR /  |c John Agnew 
650 |a GEOGRAFIA  
650 |a RELACIONES INTERNACIONALES  
650 |a POLITICA  
650 |a TEORIA  
773 |g número 5; páginas 85-98  
999 |c 21982  |d 21982